Dinámica del flotador en áreas restringidas / (Record no. 176007)
[ view plain ]
| 000 -LEADER | |
|---|---|
| campo de control de longitud fija | 01143nam a22002775i 4500 |
| 001 - NÚMERO DE CONTROL | |
| campo de control | 176007 |
| 003 - IDENTIFICADOR DE NÚMERO DE CONTROL | |
| campo de control | ES-MaACL |
| 005 - FECHA Y HORA DE LA ÚLTIMA TRANSACCIÓN | |
| campo de control | 20250902233322.0 |
| 008 - DATOS DE LONGITUD FIJA--INFORMACIÓN GENERAL | |
| campo de control de longitud fija | 101209s1969 sp |||| | spa d |
| 080 ## - NÚMERO DE LA CLASIFICACIÓN DECIMAL UNIVERSAL | |
| Número de la Clasificación Decimal Universal | 627.33 |
| 080 ## - NÚMERO DE LA CLASIFICACIÓN DECIMAL UNIVERSAL | |
| Número de la Clasificación Decimal Universal | 627.21 |
| 100 1# - ENTRADA PRINCIPAL--NOMBRE DE PERSONA | |
| Nombre de persona | Suárez Bores, Pedro. |
| 9 (RLIN) | 144219 |
| 245 10 - MENCIÓN DEL TÍTULO | |
| Título | Dinámica del flotador en áreas restringidas / |
| Mención de responsabilidad, etc. | P. Suárez Bores. |
| 260 ## - PUBLICACIÓN, DISTRIBUCIÓN, ETC. | |
| Lugar de publicación, distribución, etc. | Madrid : |
| Nombre del editor, distribuidor, etc. | Centro de estudios y experimentación de Obras Públicas, Laboratorio de Puertos, |
| Fecha de publicación, distribución, etc. | 1969. |
| 300 ## - DESCRIPCIÓN FÍSICA | |
| Extensión | 37 p. ; |
| Dimensiones | 27 cm. |
| 490 1# - MENCIÓN DE SERIE | |
| Mención de serie | Centro de Estudios y Experimentación de Obras Públicas. Laboratorio de Puertos ; |
| Designación de volumen o secuencia | 10-B |
| 504 ## - NOTA DE BIBLIOGRAFÍA, ETC. | |
| Nota de bibliografía, etc. | Bibliografía: p. 35-37. |
| 650 07 - PUNTO DE ACCESO ADICIONAL DE MATERIA--TÉRMINO DE MATERIA | |
| Término de materia o nombre geográfico como elemento de entrada | Ingeniería hidráulica |
| Fuente del encabezamiento o término | embne |
| 9 (RLIN) | 136287 |
| 650 #4 - PUNTO DE ACCESO ADICIONAL DE MATERIA--TÉRMINO DE MATERIA | |
| Término de materia o nombre geográfico como elemento de entrada | Barcos. |
| 9 (RLIN) | 135671 |
| 650 #4 - PUNTO DE ACCESO ADICIONAL DE MATERIA--TÉRMINO DE MATERIA | |
| Término de materia o nombre geográfico como elemento de entrada | Puertos- |
| Subdivisión general | Investigación. |
| 9 (RLIN) | 144226 |
| 710 0# - ENTRADA AGREGADA--NOMBRE DE ENTIDAD CORPORATIVA | |
| Nombre de entidad corporativa o nombre de jurisdicción como elemento de entrada | Centro de Estudios y Experimentación de Obras Públicas. |
| Unidad subordinada | Laboratorio de Puertos (España) |
| 9 (RLIN) | 2687 |
| 830 00 - PUNTO DE ACCESO ADICIONAL DE SERIE-TÍTULO UNIFORME | |
| Título uniforme | Centro de Estudios y Experimentación de Obras Públicas. |
| Nombre de parte o sección de la obra | Laboratorio de Puertos |
| Designación de volumen o secuencia | 10-B |
| 9 (RLIN) | 189888 |
| 852 ## - LOCALIZACIÓN | |
| Ubicación | ES-MaACL |
| Número de control de estantería | 2277-F-10 |
| Encuadernación | Olim P-1412 |
| 852 ## - LOCALIZACIÓN | |
| Ubicación | ES-MaACL |
| Número de control de estantería | P-1360-4 |
| Estatus retirado | Estado de pérdida | Estado de daño | No para préstamo | Biblioteca de origen | Biblioteca actual | Ubicación en estantería | Fecha de adquisición | Fuente de adquisición | Total de préstamos | Signatura topográfica completa | Código de barras | Visto por última vez | Precio de reemplazo | Tipo de ítem Koha | Colección |
|---|---|---|---|---|---|---|---|---|---|---|---|---|---|---|---|
| Biblioteca del Ateneo de Madrid | Biblioteca del Ateneo de Madrid | Depósito 2 | 16/05/2005 | P-1360-4 | 1201604 | 23/02/2023 | 23/02/2023 | Libro impreso | |||||||
| Biblioteca del Ateneo de Madrid | Biblioteca del Ateneo de Madrid | Depósito folletos | 09/12/2010 | 2277-F-10 | 1184837 | 23/02/2023 | 23/02/2023 | Folleto | Colección de folletos |
